000 00402nam a22001457a 4500
005 20250310113624.0
008 250310b |||||||| |||| 00| 0 eng d
020 _a9964782470
050 _aHD58
_b.7 WOO
100 _aWoode, Samuel N.
245 _aValues standards and practices in Ghanaian organisational life
260 _aAccra
_bAsempa Publishers
_cc1997
300 _axi, 83p
942 _2lcc
_cBK
_n0
999 _c4635
_d4635